Państwa śródlądowe graniczące ze sobą - Statystyki

Ogólne statystyki
  • Ten quiz został rozwiązany 345 razy
  • Średni wynik to 27 z 33
Statystyki odpowiedzi
Państwo % Poprawnych
Czechy
95%
Austria
94%
Słowacja
94%
Węgry
93%
Szwajcaria
92%
Liechtenstein
91%
Serbia
90%
Kosowo
89%
Kazachstan
88%
Kirgistan
88%
Tadżykistan
88%
Uzbekistan
88%
Macedonia Północna
86%
Turkmenistan
86%
Czad
84%
Niger
84%
Afganistan
83%
Mali
81%
Paragwaj
81%
Boliwia
80%
Sudan Południowy
80%
Republika Środkowoafrykańska
77%
Rwanda
77%
Uganda
76%
Zambia
73%
Zimbabwe
73%
Burundi
72%
Etiopia
72%
Botswana
71%
Malawi
71%
Burkina Faso
69%
Armenia
66%
Azerbejdżan
64%
Nie znaleziono quizów pasujących do podanych kryteriów
Rozkład punktacji
Procent ludzi z każdym wynikiem
Percentyl według liczby udzielonych odpowiedzi
Twoja historia wyników
Nie rozwiązałeś tego quizu